[Event "Match"]
[Site "www.echecsemail.com"]
[Date "2017.02.10"]
[Round "1"]
[White "Jpmartinez"]
[Black "Witpar"]
[WhiteElo "2580"]
[BlackElo "2660"]
[Result "1/2-1/2"]
[Round "1"]
1.c4 e5
2.Nb1c3 Nb8c6
3.g3 f5
4.Ng1f3 Ng8f6
5.d4 e4
6.Nf3h4 d6
7.Bf1h3 g6
8.Bc1g5 Bf8g7
9.O-O O-O
10.f3 Qd8e8
11.Qd1d2 e3
12.Qd2d1 Rf8f7
13.Ra1b1 Nf6h5
14.Nh4g2 Nc6xd4
15.Bg5xe3 c5
16.Qd1d3 a6
17.Kh1 b5
18.cxb5 Nd4xb5
19.a4 Nb5d4
20.g4 fxg4
21.Bh3xg4 Bc8f5
22.Bg4xf5 Nd4xf5
23.Be3f2 Qe8e6
24.Rf1d1 Rf7b7
25.Nc3d5 Nf5d4
26.Qd3c4 Rb7f7
27.Rd1d2 a5
28.Nd5b6 Ra8e8
29.Qc4xe6 Re8xe6
30.Bf2xd4 cxd4
31.Kg1 Bg7h6
32.Rd2c2 Re6e5
33.Rb1d1 Rf7b7
34.Nb6c4 Rb7c7
35.b3 Re5c5
36.Rc2b2 d5
37.Nc4e5 Rc5c1
38.Rd1xc1 Rc7xc1
39.Kf2 Bh6f8
40.Ne5d3 Rc1c3
41.Ng2f4 Nh5xf4
42.Nd3xf4 { draw }
1/2-1/2

[Event "Match"]
[Site "www.echecsemail.com"]
[Date "2017.02.10"]
[Round "1"]
[White "Hundegana"]
[Black "Fatmike02"]
[WhiteElo "2000"]
[BlackElo "1749"]
[Result "0-1"]
[Round "1"]
1.f4 c6
2.e4 d5
3.e5 Bc8f5
4.d3 e6
5.g3 Ng8h6
6.h3 Bf5g6
7.Bf1g2 Nh6f5
8.Ng1e2 Nb8d7
9.O-O Bf8c5
10.d4 Bc5b6
11.c3 c5
12.Kh2 cxd4
13.Ne2xd4 Bb6xd4
14.cxd4 Qd8b6
15.g4 Nf5xd4
16.Nb1c3 Nd4c6
17.Qd1e2 h5
18.g5 Bg6f5
19.Nc3b5 Nc6d4
20.Nb5xd4 Qb6xd4
21.Rf1d1 Qd4b4
22.a3 Qb4b3
23.Rd1d4 Ra8c8
24.Rd4b4 Rc8c2
25.Rb4xb3 Rc2xe2
26.Rb3xb7 Bf5e4
27.Rb7xa7 Re2xg2
28.Kh1 Rg2xg5
29.Kh2 Rg5g2
30.Kh1 Rg2xb2
31.Kg1 Rb2g2
32.Kf1 O-O
33.Ra7xd7 Rf8c8
34.Bc1e3 Rg2h2
35.a4 Rh2xh3
36.Be3f2 Rh3f3
37.a5 Rc8c2
38.a6 Rf3xf2
39.Ke1 Rc2a2
40.Ra1xa2 Rf2xa2
41.a7 Kh7
42.Rd7xf7 h4
43.f5 Be4xf5
44.Rf7c7 h3
45.Kf1 h2
46.a8Q Ra2xa8
47.Kg2 Ra8a2
48.Kg3 h1Q
49.Kf4 Qh1e4
50.Kg5 Qe4g4
{ resign }
0-1

[Event "Match"]
[Site "www.echecsemail.com"]
[Date "2017.02.10"]
[Round "1"]
[White "Jesmantiz"]
[Black "Yoj"]
[WhiteElo "2180"]
[BlackElo "2020"]
[Result "1-0"]
[Round "1"]
1.d4 e6
2.e3 d5
3.Bf1d3 Bc8d7
4.f4 g6
5.Ng1f3 a6
6.O-O c5
7.c3 c4
8.Bd3c2 Bf8e7
9.e4  { time }
1-0

[Event "Match"]
[Site "www.echecsemail.com"]
[Date "2017.02.10"]
[Round "1"]
[White "Yoj"]
[Black "Silent1"]
[WhiteElo "1809"]
[BlackElo "1930"]
[Result "0-1"]
[Round "1"]
1.c4 e5
2.Nb1c3 Ng8f6
3.e3 d6
4.d3 Bf8e7
5.Ng1e2 O-O
6.Bc1d2 a6
7.g3 c6
8.Bf1g2 Nb8d7
9.f4 exf4
10.Ne2xf4 Nd7b6
11.b3 Bc8g4
12.Bg2f3 Qd8d7
13.Bf3xg4 Nf6xg4
14.h3 Ng4e5
15.d4 Ne5g6
16.Nf4xg6 fxg6
17.Qd1e2 Rf8f7
18.O-O-O Ra8f8
19.g4 Rf7f2
20.Qe2d3 Rf2f3
21.a4 Qd7e6
22.d5 cxd5
 { time }
0-1

[Event "Match"]
[Site "www.echecsemail.com"]
[Date "2017.02.10"]
[Round "1"]
[White "Hundegana"]
[Black "Raulazo"]
[WhiteElo "2020"]
[BlackElo "1830"]
[Result "1-0"]
[Round "1"]
1.d4 Ng8f6
2.f4 Nf6d5
3.c4 Nd5f6
4.Nb1c3 e6
5.e4 Bf8b4
6.Bf1d3 Bb4xc3
7.bxc3 O-O
8.Ng1f3 Rf8e8
9.O-O Nf6g4
10.h3 Ng4f6
11.Qd1e1 d5
12.cxd5 exd5
13.e5 Nb8c6
14.Qe1h4 h6
15.exf6 Re8e6
16.fxg7 Qd8xh4
17.Nf3xh4 Kxg7
18.Nh4f5 Kf8
19.Bc1a3 Kg8
20.Ra1e1 Re6xe1
21.Rf1xe1 h5
22.Re1e8 Kh7
23.Nf5h4 Kg7
24.Ba3f8 Kf6
25.Bf8h6 b6
26.Bh6g5 Kg7
27.f5 f6
28.Bg5f4 Bc8b7
29.Re8xa8 Bb7xa8
30.Bf4xc7 Kh6
31.Kf2 Ba8b7
32.Bc7d6 Kg5
33.g3 a6
34.Bd6f4 { resign }
1-0

[Event "Match"]
[Site "www.echecsemail.com"]
[Date "2017.02.10"]
[Round "1"]
[White "Jobeye"]
[Black "Ericleo1980"]
[WhiteElo "2439"]
[BlackElo "2130"]
[Result "0-1"]
[Round "1"]
1.Ng1f3 d5
2.e3 Ng8f6
3.Nb1c3 c6
4.b4 a6
5.Bc1b2 Bc8g4
6.Bf1e2 Nb8d7
7.Nf3h4 Bg4xe2
8.Nc3xe2 e6
9.a3 Bf8d6
10.d3 O-O
11.c4 Rf8e8
12.c5 Bd6e5
13.d4 Be5c7
14.g3 e5
15.dxe5 Bc7xe5
16.Bb2xe5 Nd7xe5
17.f4 Ne5c4
18.Qd1d3 Re8xe3
19.Qd3f5 Qd8e7
20.Nh4g2 Re3xe2
 { time }
0-1

[Event "Tourn. n9100"]
[Site "www.chess-mail.com"]
[Date "2017.02.11"]
[Round "1"]
[White "Pariolinius"]
[Black "Julian"]
[WhiteElo "1870"]
[BlackElo "1880"]
[Result "0-1"]
[Round "1"]
1.Ng1f3 d5
2.d4 e6
3.e3 c6
4.Bf1d3 f5
5.Nb1d2 Ng8f6
6.O-O Bf8d6
7.b3 O-O
8.Bc1b2 Nb8d7
9.Nf3g5 Nd7b6
10.Nd2f3 Nf6e4
11.h4 h6
12.Ng5h3 Nb6d7
13.Nh3f4 Qd8f6
14.Nf4h5 Qf6g6
15.Nh5f4 Qg6e8
16.Nf3e5 g5
17.Nf4g6 Rf8f6
18.Qd1h5 Bd6xe5
19.Qh5xh6 Qe8xg6
20.Qh6xg6 Rf6xg6
21.h5 Rg6h6
22.dxe5 Rh6xh5
23.f3 Ne4g3
24.Rf1e1 Rh5h1
25.Kf2 Rh1xe1
26.Ra1xe1 f4
27.e4 Nd7b6
28.Bb2a3 Kf7
29.Ba3d6 Bc8d7
30.a4 Nb6c8
31.Bd6a3 a6
32.a5 b6
33.b4 bxa5
34.bxa5 Nc8a7
35.Re1b1 Na7b5
36.Ba3c5 Ra8h8
37.c4 dxc4
38.Bd3xc4 Nb5c3
39.Bc4xa6 Nc3xe4
40.fxe4 Ng3xe4
41.Kf3 Ne4xc5
42.Ba6c4 Rh8a8
43.Rb1a1 Bd7c8
44.Kg4 Kg6
45.Bc4e2 Bc8a6
46.Be2f3 Ra8c8
47.Ra1c1 Nc5d3
48.Rc1xc6 Rc8xc6
49.Bf3e4 Kh6
50.Be4xc6 Nd3xe5
51.Kh3 Ne5xc6
{ resign }
0-1

[Event "Tourn. n9175"]
[Site "www.chess-mail.com"]
[Date "2017.02.11"]
[Round "1"]
[White "Balbyns"]
[Black "Forest"]
[WhiteElo "1759"]
[BlackElo "1870"]
[Result "1/2-1/2"]
[Round "1"]
1.e4 c5
2.Ng1f3 d6
3.Nb1c3 Nb8c6
4.Bf1c4 e6
5.O-O Ng8f6
6.d3 Bf8e7
7.Rf1e1 O-O
8.a3 a6
9.h3 b5
10.Bc4a2 Bc8b7
11.Bc1d2 Qd8c7
12.Nc3e2 Rf8d8
13.Ne2f4 Ra8c8
14.Qd1e2 d5
15.exd5 exd5
16.Nf3g5 h6
17.Ng5xf7 Kxf7
18.Qe2e6 Kf8
19.Ba2xd5 Nf6xd5
20.Nf4g6 Ke8
21.Qe6g8 Kd7
22.Qg8e6 Ke8
23.Qe6g8 { draw }
1/2-1/2

[Event "Tourn. n9088"]
[Site "www.chess-mail.com"]
[Date "2017.02.11"]
[Round "1"]
[White "Fred"]
[Black "Libiesse"]
[WhiteElo "1950"]
[BlackElo "2040"]
[Result "0-1"]
[Round "1"]
1.e4 c5
2.f4 e6
3.Ng1f3 Nb8c6
4.c3 d5
5.e5 Ng8e7
6.Bf1b5 Qd8c7
7.d3 a6
8.Bb5a4 b5
9.Ba4c2 Bc8b7
10.Bc1e3 Ne7f5
11.Be3f2 Ra8c8
12.d4 cxd4
13.Bc2xf5 exf5
14.cxd4 Nc6b4
15.Nb1c3 Qc7c4
16.Nc3e2 Nb4d3
17.Kf1 Nd3xf4
18.g3 Nf4d3
19.Kg2 Nd3xb2
20.Qd1d2 Nb2d3
21.Rh1f1 Bf8b4
22.Qd2g5 Nd3xf2
23.Rf1xf2 Bb4f8
24.Qg5xf5 Rc8c6
25.Ra1f1 Bb7c8
26.Qf5h5 Rc6h6
27.Qh5xf7 Kxf7
28.Nf3d2 Ke8
29.Nd2xc4 dxc4
30.Kg1 Bf8e7
31.Ne2f4 g5
32.Nf4d5 Be7d8
33.Rf2f7 Bc8e6
34.Nd5c7 Bd8xc7
35.Rf7xc7 Kd8
36.Rc7c6 Rh6g6
37.Rc6xa6 Be6d5
38.Rf1f6 Rg6xf6
39.Ra6xf6 Kc7
40.a3 c3
41.Rf6f1 c2
42.Rf1c1 Bd5b3
43.Kf2 Rh8a8
44.Ke3 Ra8xa3
45.Ke4 Bb3a4
46.d5 b4
47.d6 Kd7
48.Kd5 Ra3d3
49.Kc4 Rd3d1
50.Rc1xc2 Ba4xc2
51.Kxb4 Bc2f5
{ resign }
0-1

[Event "Tourn. n9209"]
[Site "www.chess-mail.com"]
[Date "2017.02.11"]
[Round "1"]
[White "Redabond"]
[Black "Autmich"]
[WhiteElo "1660"]
[BlackElo "1670"]
[Result "0-1"]
[Round "1"]
1.d4 Ng8f6
2.Bc1f4 d5
3.Nb1c3 a6
4.e3 e6
5.Bf1d3 c5
6.Qd1f3 Nb8c6
7.Bf4g5 Bf8e7
8.Bg5xf6 Be7xf6
9.O-O-O cxd4
10.exd4 Nc6xd4
11.Qf3e3 O-O
12.Bd3e2 Nd4xe2
13.Qe3xe2 Bf6xc3
14.bxc3 Qd8a5
15.Kb2 Bc8d7
16.Ng1f3 Rf8c8
17.Rd1d3 Bd7b5
18.Nf3d4 Bb5xd3
19.Qe2xd3 b5
20.f4 b4
21.cxb4 Qa5xb4
22.Nd4b3 a5
23.h4 a4
24.a3 Qb4b7
25.Ka2 axb3
26.cxb3 Qb7a7
27.a4 Qa7f2
28.Ka3 Rc8c2
29.Rh1a1 Qf2c5
{ resign }
0-1

[Event "Tourn. n9147"]
[Site "www.chess-mail.com"]
[Date "2017.02.11"]
[Round "1"]
[White "Francesco"]
[Black "Roque1"]
[WhiteElo "1940"]
[BlackElo "1860"]
[Result "0-1"]
[Round "1"]
1.d4 d5
2.Ng1f3 Ng8f6
3.Bc1g5 Bc8f5
4.Bg5xf6 gxf6
5.e3 Rh8g8
6.Nb1d2 Nb8c6
7.c4 e6
8.cxd5 Qd8xd5
9.Bf1c4 Qd5a5
10.O-O O-O-O
11.Nd2b3 Qa5b4
12.Qd1e2 Bf8d6
13.a3 Qb4b6
14.Rf1c1 Rg8g7
15.Bc4b5 Rd8g8
16.g3 h5
17.Bb5xc6 Qb6xb3
18.Rc1c3 Qb3b6
19.Bc6a4 Bf5g4
20.b4 e5
21.dxe5 Bd6xe5
22.Ra1c1 Be5xc3
23.Rc1xc3 h4
24.h3 Bg4xh3
25.Nf3xh4 Rg8h8
26.Nh4g2 f5
27.Ng2f4 Bh3g4
28.Qe2d3 Rg7h7
29.Qd3d7 Kb8
30.Kg2 Rh7h2
31.Kg1 Rh2h1
32.Kg2 Rh8h2

0-1

[Event "Tourn. n9209"]
[Site "www.chess-mail.com"]
[Date "2017.02.11"]
[Round "1"]
[White "Autmich"]
[Black "Cal"]
[WhiteElo "1670"]
[BlackElo "1650"]
[Result "1-0"]
[Round "1"]
1.e4 e5
2.Ng1f3 d6
3.d4 exd4
4.Nf3xd4 a6
5.Nb1c3 h6
6.Bf1e2 Ng8f6
7.O-O c6
8.Rf1e1 Bc8d7
9.Bc1f4 Bf8e7
10.e5 dxe5
11.Bf4xe5 Nf6d5
12.Nc3xd5 cxd5
13.Be5xg7 Rh8h7
14.Bg7e5 Nb8c6
15.Nd4xc6 Bd7xc6
16.Be2d3 f5
17.Bd3xf5 Rh7f7
18.Bf5g6 Kf8
19.Bg6xf7 Kxf7
20.Qd1h5 Kg8
21.Qh5g6 Kf8
22.Qg6xh6 Ke8
23.Be5f6 Kd7
24.Re1xe7 Kc8
25.Re7xb7 Qd8g8
26.Rb7g7 Qg8e8
27.Bf6c3 Bc6d7
28.Rg7h7 Qe8e4
29.Rh7h8 Kb7
30.Rh8xa8 Kxa8
31.Qh6xa6 Kb8
32.Qa6d6 Kc8
33.Ra1e1 Qe4g6
34.Qd6xg6 { resign }
1-0

[Event "Tourn. n9161"]
[Site "www.chess-mail.com"]
[Date "2017.02.11"]
[Round "1"]
[White "Francesco"]
[Black "Johnmcbride"]
[WhiteElo "1990"]
[BlackElo "1880"]
[Result "1-0"]
[Round "1"]
1.e4 e5
2.Ng1f3 d6
3.d4 exd4
4.Nf3xd4 c5
5.Nd4f3 h6
6.Bf1c4 a6
7.O-O b5
8.Bc4d5 Ra8a7
9.Bc1e3 Ng8f6
10.Rf1e1 Nf6xd5
11.exd5 Bf8e7
12.b3 Be7f6
13.c3 O-O
14.Qd1c2 Nb8d7
15.Nb1d2 Nd7b6
16.Ra1d1 Nb6xd5
17.c4 Nd5xe3
18.Re1xe3 b4
19.Nd2e4 Bf6e7
20.Re3d3 Bc8f5
21.Qc2e2 Ra7d7
22.Rd3d2 Rf8e8
23.Rd2d5 Bf5e6
24.Rd5d2 a5
25.h3 Qd8b6
26.Qe2e3 Re8d8
27.Qe3f4 d5
28.cxd5 Be6xd5
29.Nf3e5 Qb6c7
30.Rd2xd5 Rd7xd5
31.Qf4xf7 Kh8
32.Rd1xd5 Rd8xd5
33.Qf7xd5 Qc7a7
34.Ne5g6 Kh7
35.Ng6xe7 Qa7xe7
36.Qd5f5 Kh8
37.Ne4xc5 Qe7e1
38.Kh2 Qe1e2
39.Nc5e6 Qe2xa2
40.Qf5f8 { resign }
1-0

[Event "Tourn. n9200"]
[Site "www.chess-mail.com"]
[Date "2017.02.11"]
[Round "1"]
[White "Crull"]
[Black "Caspito"]
[WhiteElo "1820"]
[BlackElo "1830"]
[Result "0-1"]
[Round "1"]
1.d4 Ng8f6
2.c4 g6
3.Ng1f3 Bf8g7
4.Nb1c3 O-O
5.e4 d6
6.Bc1f4 Nf6h5
7.Bf4e3 c6
8.Bf1e2 Bc8g4
9.Nf3h4 Bg4xe2
10.Qd1xe2 e5
11.Nh4f3 Nb8d7
12.d5 c5
13.O-O a6
14.Be3g5 Qd8e8
15.Qe2e3 Nd7f6
16.Bg5h6 Nf6g4
17.Qe3g5 Ng4xh6
18.h3 Nh5f4
19.Qg5g3 b5
20.cxb5 axb5
21.Nc3xb5 Qe8xb5
22.b3 Nf4e2
{ resign }
0-1

[Event "Tourn. n9139"]
[Site "www.chess-mail.com"]
[Date "2017.02.11"]
[Round "1"]
[White "Hundegana"]
[Black "Julian"]
[WhiteElo "2010"]
[BlackElo "2000"]
[Result "0-1"]
[Round "1"]
1.f4 g6
2.e4 Bf8g7
3.d4 d6
4.g3 Nb8c6
5.c3 e5
6.d5 Nc6e7
7.a4 Ng8f6
8.Bf1g2 Bc8g4
9.Qd1d3 O-O
10.h3 Bg4d7
11.Bc1e3 Nf6h5
12.Ng1e2 f5
13.Nb1d2 fxe4
14.Bg2xe4 Ne7f5
15.Be4xf5 Bd7xf5
16.Qd3b5 exf4
17.Be3xf4 Nh5xf4
18.Ne2xf4 Qd8e7
19.Kf2 Bf5d7
20.Qb5c4 Kh8
21.Ra1e1 Bg7e5
22.Kg2 c6
23.Nd2f3 Qe7g7
24.Nf3xe5 dxe5
25.Nf4e2 cxd5
26.Qc4b3 d4
27.Rh1f1 Rf8xf1
28.Re1xf1 Bd7c6
29.Kh2 dxc3
30.bxc3 Ra8f8
31.Rf1xf8 Qg7xf8
32.Kg1 Qf8f3
33.Qb3c4 Qf3g2
{ resign }
0-1

[Event "Tourn. n9139"]
[Site "www.chess-mail.com"]
[Date "2017.02.11"]
[Round "1"]
[White "Luban"]
[Black "Hundegana"]
[WhiteElo "2060"]
[BlackElo "2010"]
[Result "1-0"]
[Round "1"]
1.d4 f5
2.g3 g6
3.Bf1g2 Bf8g7
4.c4 d6
5.Nb1c3 c6
6.e4 Nb8d7
7.Ng1e2 h5
8.Ne2f4 Nd7f8
9.exf5 Bc8xf5
10.Bc1e3 e5
11.dxe5 Bg7xe5
12.Bg2e4 Bf5xe4
13.Nc3xe4 Qd8a5
14.Qd1d2 Qa5xd2
15.Be3xd2 O-O-O
16.Bd2c3 Be5xc3
17.Ne4xc3 Rd8e8
18.Nf4e2 Ng8f6
19.O-O Kc7
20.Rf1e1 Nf8d7
21.Ne2f4 Re8xe1
22.Ra1xe1 Rh8g8
23.Nf4e6 Kb6
24.Ne6g5 Nd7e5
25.b3 Rg8h8
26.h3 h4
27.Kg2 hxg3
28.fxg3 Rh8h5
29.Ng5e4 Nf6xe4
30.Re1xe4 Kc5
31.a3 Kb6
32.g4 Rh5h7
33.b4 Ne5d7
34.Re4e6 Kc7
35.Nc3e4 d5
36.cxd5 cxd5
37.Ne4f6 Nd7xf6
38.Re6xf6 Rh7g7
39.h4 b6
40.Kg3 d4
41.Kf3 d3
42.Ke3 Rg7d7
43.Kd2 g5
44.hxg5 Rd7g7
45.g6 Kb8
46.Kxd3 Kc8
47.Ke4 Rg7e7
48.Kf5 Kd8
49.Rf6f8 Kd7
50.Rf8f7 Ke8
51.Rf7xe7 Kxe7
52.Kg5 Kf8
53.b5 Kg8
54.Kf6 Kf8
55.g7 Kg8
56.Kg6 a5
57.bxa6 b5
58.a7 b4
59.a8Q 
1-0

[Event "Tourn. n9202"]
[Site "www.chess-mail.com"]
[Date "2017.02.11"]
[Round "1"]
[White "Amaya"]
[Black "Lucaschess"]
[WhiteElo "2090"]
[BlackElo "1979"]
[Result "1-0"]
[Round "1"]
1.d4 d5
2.e3 Bc8f5
3.Bf1d3 Bf5xd3
4.Qd1xd3 Ng8f6
5.Nb1d2 e6
6.f4 c5
7.c3 c4
8.Qd3c2 Nb8d7
9.Ng1f3 Bf8e7
10.O-O O-O
11.Nf3e5 Qd8c7
12.Rf1f3 b5
13.Rf3h3 Qc7b7
14.g4 Nd7xe5
15.fxe5 Nf6e4
16.Nd2xe4 dxe4
17.Qc2e2 f5
18.gxf5 exf5
19.Qe2h5 h6
20.Rh3g3 g5
21.Qh5xh6 Qb7b6
22.e6 { resign }
1-0

[Event "Tourn. n9165"]
[Site "www.chess-mail.com"]
[Date "2017.02.11"]
[Round "1"]
[White "Genius9"]
[Black "Yoj"]
[WhiteElo "1610"]
[BlackElo "1749"]
[Result "1-0"]
[Round "1"]
1.d4 g6
2.Ng1f3 Bf8g7
3.c3 d6
4.e4 Bc8g4
5.Bf1e2 e6
6.h3 Bg4xf3
7.Be2xf3 Ng8e7
8.O-O c6
9.Qd1e2 Nb8d7
10.Bc1e3 d5
11.Nb1d2 f6
12.exd5 cxd5
13.c4 Ra8b8
14.b3  { time }
1-0

[Event "Tourn. n9026"]
[Site "www.chess-mail.com"]
[Date "2017.02.11"]
[Round "1"]
[White "Nulladies"]
[Black "Genius3"]
[WhiteElo "1820"]
[BlackElo "1620"]
[Result "1-0"]
[Round "1"]
1.d4 Ng8f6
2.Bc1f4 d6
3.Ng1f3 g6
4.Nb1c3 Bf8g7
5.d5 e5
6.Bf4g3 O-O
7.e4 a6
8.Bg3h4 Nb8d7
9.Bf1e2 Nd7c5
10.b4 Nc5d7
11.a4 Rf8e8
12.O-O h6
13.h3 g5
14.Nf3xg5 hxg5
15.Bh4xg5 Nd7f8
16.h4 Nf8g6
17.b5 axb5
18.Be2xb5 Bc8d7
19.f3 Bd7xb5
20.Nc3xb5 Qd8d7
21.Qd1d2 Ng6f8
22.Bg5h6 Nf8g6
23.Bh6g5 Ra8d8
24.h5 Ng6f8
25.h6 Bg7h8
26.Qd2f2 Nf8g6
27.Qf2g3 Kh7
28.Rf1f2 c6
29.Nb5c3 cxd5
30.Ra1b1 d4
31.Nc3d5 Qd7e6
32.Nd5c7 Qe6c8
33.Nc7xe8 Rd8xe8
34.Kh2 Qc8d7
35.Qg3h3 Qd7xh3
36.Kxh3 Re8e7
37.g3 Re7c7
38.Rb1b6 d5
39.Bg5xf6 Bh8xf6
40.Rb6xf6 Kxh6
41.f4 Kg7
42.fxe5 Ng6xe5
43.Rf6f5 Ne5c4
44.Rf5xd5 Nc4e3
45.Rd5xd4 Ne3xc2
46.Rd4d2 Nc2b4
47.Rf2f5 Nb4a6
48.Rf5g5 Kf8
49.Rg5e5 Na6c5
50.Rd2d8 Kg7
51.Re5g5 Kf6
52.Rg5f5 Ke6
53.Rd8e8 Kd6
54.e5 Kc6
55.Rf5f6 Kd5
56.a5 Nc5b3
57.e6 fxe6
58.Rf6xe6 Rc7c5
59.Re6e5 Kc6
60.Re8e6 Kb5
61.Re5xc5 Nb3xc5
62.Re6e5 Kc6
63.g4 Nc5d3
64.Re5e3 Nd3c5
65.g5 Nc5d7
66.Kh4 Nd7b8
67.g6 { resign }
1-0

[Event "Match"]
[Site "www.echecsemail.com"]
[Date "2017.02.11"]
[Round "1"]
[White "Forest"]
[Black "Mdesouza"]
[WhiteElo "1760"]
[BlackElo "2400"]
[Result "0-1"]
[Round "1"]
1.c4 Ng8f6
2.Nb1c3 g6
3.g3 Bf8g7
4.Bf1g2 c5
5.Ng1f3 O-O
6.d4 cxd4
7.Nf3xd4 Nb8c6
8.Nd4xc6 bxc6
9.O-O Ra8b8
10.Qd1c2 d5
11.cxd5 cxd5
12.Bc1g5 Bc8f5
13.Qc2d2 Nf6e4
14.Nc3xe4 Bf5xe4
15.Bg2xe4 dxe4
16.Qd2xd8 Rf8xd8
17.Bg5xe7 Rd8d2
18.e3 Rb8xb2
19.Be7a3 Rb2xa2
20.Ra1xa2 Rd2xa2
21.Ba3c5 a5
22.Rf1b1 Ra2a1
23.Rb1xa1 Bg7xa1
24.Kf1 f5
25.Ke1 Kf7
26.Kd1 Ke6
27.Kc2 Kd5
28.Bc5a3 Kc4
29.Ba3f8 Ba1c3
30.Bf8a3 Bc3e1
31.Kd1 Be1xf2
{ resign }
0-1

[Event "Match"]
[Site "www.echecsemail.com"]
[Date "2017.02.11"]
[Round "1"]
[White "Calponas"]
[Black "Pdebonis"]
[WhiteElo "2010"]
[BlackElo "2049"]
[Result "0-1"]
[Round "1"]
1.d4 f5
2.e4 fxe4
3.Nb1c3 Ng8f6
4.Bc1g5 g6
5.Bf1c4 c6
6.Bg5xf6 exf6
7.d5 b5
8.Bc4b3 Qd8e7
9.d6 Qe7e5
10.Qd1e2 f5
11.Ng1f3 Qe5f4
12.Nf3d4 Bf8xd6
13.Nd4xb5 cxb5
14.Nc3xb5 Bc8a6
15.Nb5xd6 Qf4xd6
16.Qe2e3 Nb8c6
17.Ra1d1 Qd6b4
18.c3 Qb4b6
19.Rd1d6 Qb6xe3
20.fxe3 Ba6d3
21.Kf2 Ke7
22.Rd6d5 a5
23.Bb3a4 Ke6
24.Rd5b5 Bd3xb5
25.Ba4xb5 a4
26.a3 Rh8b8
27.c4 Nc6a7
{ resign }
0-1

[Event "Match"]
[Site "www.echecsemail.com"]
[Date "2017.02.11"]
[Round "1"]
[White "Osvalazo"]
[Black "Irene"]
[WhiteElo "1820"]
[BlackElo "2140"]
[Result "0-1"]
[Round "1"]
1.Ng1f3 d5
2.d4 e6
3.Nb1c3 Bf8b4
4.Nf3e5 Nb8d7
5.e3 Qd8f6
6.Bf1d3 Nd7xe5
7.dxe5 Qf6xe5
8.Bc1d2 a5
9.f4 Qe5f6
10.a3 Bb4c5
11.Qd1f3 d4
12.Nc3e4 Qf6h4
13.g3 Qh4e7
14.Qf3g4 f5
15.Qg4h5 g6
16.Qh5f3 Ng8f6
17.exd4 Bc5xd4
18.c3 Bd4a7
19.Bd3b5 c6
20.Bb5c4 Nf6xe4
21.O-O-O Ne4f2
22.Rh1e1 Nf2xd1
23.Qf3xd1 O-O
24.Bc4e2 Rf8d8
25.Be2c4 b5
26.Bc4a2 b4
27.Qd1b3 bxc3
28.bxc3 Ra8b8
29.Qb3c4 Qe7xa3
30.Kd1 Qa3d6
31.Re1e2 Rb8b2
32.Kc1 Rb2xd2
33.Re2xd2 Qd6xd2
34.Kb1 Qd2d1
35.Kb2 Ba7c5
36.Qc4xc5 Rd8d2
37.Ka3 Qd1c1
38.Kb3 Qc1b2
{ resign }
0-1

[Event "Match"]
[Site "www.echecsemail.com"]
[Date "2017.02.11"]
[Round "1"]
[White "Osvalazo"]
[Black "Paco"]
[WhiteElo "1850"]
[BlackElo "1900"]
[Result "0-1"]
[Round "1"]
1.Ng1f3 d5
2.d4 Nb8c6
3.Bc1f4 Bc8f5
4.a3 e6
5.Nb1c3 a6
6.Bf4g5 f6
7.Bg5f4 g5
8.Bf4g3 h5
9.h4 g4
10.Nf3g1 Bf8d6
11.Qd1d2 Qd8e7
12.Bg3xd6 Qe7xd6
13.g3 O-O-O
14.Bf1g2 Nc6a5
15.b3 Bf5g6
16.Nc3b1 Na5c6
17.Nb1c3 f5
18.Qd2g5 Nc6xd4
19.Ra1a2 Bg6e8
20.e3 Qd6e5
21.f4 Qe5xe3
22.Nc3e2 Be8b5
23.Bg2f1 Nd4f3
24.Ng1xf3 gxf3
25.c3 Bb5xe2
26.Bf1xe2 fxe2
27.Ra2xe2 Qe3c1
28.Kf2 Qc1xh1
29.Re2xe6 Qh1b1
30.Re6e5 Qb1xb3
31.Qg5xf5 Kb8
32.Qf5g5 Rd8c8
33.Qg5g7 Ng8h6
34.Re5xh5 Qb3c2
35.Ke3 Nh6f5
36.Rh5xf5 Qc2xf5
37.g4 Rh8e8
38.Kd2 Qf5xf4
39.Kc2 Qf4a4
40.Kd3 Qa4e4
41.Kd2 Qe4e3
42.Kc2 c5
43.g5 Qe3f2
44.Kb3 c4
45.Ka4 Qf2c5
46.Qg7d7 Re8d8
{ resign }
0-1

[Event "Match"]
[Site "www.echecsemail.com"]
[Date "2017.02.11"]
[Round "1"]
[White "Billyg"]
[Black "Gambitplayer"]
[WhiteElo "1630"]
[BlackElo "1710"]
[Result "0-1"]
[Round "1"]
1.e4 d6
2.h3 Ng8f6
3.d3 e5
4.Ng1f3 Nb8c6
5.d4 exd4
6.Nf3xd4 Bc8d7
7.Nd4xc6 Bd7xc6
8.f3 Bf8e7
9.Nb1c3 O-O
10.Bc1f4 Rf8e8
11.b4 a6
12.Qd1e2 Be7f8
13.Ra1d1 Qd8e7
14.Bf4g5 h6
15.Bg5h4 Qe7e6
16.Bh4xf6 Qe6xf6
17.Qe2d3 Ra8d8
18.g3 d5
19.Qd3e2 Qf6xc3
20.Kf2 dxe4
21.Rd1xd8 Re8xd8
22.Kg1 exf3
23.Qe2f2 Qc3xb4
{ resign }
0-1

[Event "1/128 Finale"]
[Site "www.chess-mail.com"]
[Date "2017.02.11"]
[Round "1"]
[White "Mihaiiorga"]
[Black "Hennie4820"]
[WhiteElo "1199"]
[BlackElo "2030"]
[Result "1-0"]
[Round "1"]
1.c4 Ng8f6
2.Nb1c3 g6
3.d4 Bf8g7
4.e4 d6
5.Ng1f3 Nb8d7
6.Bf1d3 O-O
7.Bc1e3 e5
8.O-O Nf6g4
9.Qd1d2 Ng4xe3
10.Qd2xe3 exd4
11.Nf3xd4 Rf8e8
12.Ra1d1 Nd7e5
13.Bd3e2 Bc8e6
14.Nd4xe6 Re8xe6
15.c5 Qd8f8
16.cxd6 cxd6
17.f4 Ne5c6
18.Be2c4 Re6e8
19.Nc3d5 Ra8d8
20.b3 a6
21.f5 Kh8
22.fxg6 hxg6
23.Nd5f4 Qf8e7
24.Qe3h3 Kg8
25.Nf4xg6 Qe7xe4
26.Bc4xf7 { resign }
1-0

[Event "1/32 Finale"]
[Site "www.chess-mail.com"]
[Date "2017.02.11"]
[Round "1"]
[White "Norlavuaram"]
[Black "Nimzo"]
[WhiteElo "2130"]
[BlackElo "2690"]
[Result "0-1"]
[Round "1"]
1.e4 e5
2.Ng1f3 Nb8c6
3.Bf1b5 a6
4.Bb5a4 Ng8f6
5.O-O Bf8e7
6.Rf1e1 b5
7.Ba4b3 O-O
8.c3 d5
9.exd5 Nf6xd5
10.Nf3xe5 Nc6xe5
11.Re1xe5 c6
12.d4 Be7d6
13.Re5e1 Qd8h4
14.g3 Qh4h3
15.Bc1e3 Bc8g4
16.Qd1d3 Ra8e8
17.Nb1d2 Qh3h5
18.Bb3d1 Bg4xd1
19.Ra1xd1 f5
20.Nd2f1 Re8e6
21.c4 bxc4
22.Qd3xc4 f4
23.Be3xf4 Bd6xf4
24.Re1xe6 Qh5xd1
25.gxf4 Qd1g4
{ resign }
0-1

[Event "Fast Game"]
[Site "www.echecsemail.com"]
[Date "2017.02.11"]
[Round "1"]
[White "Traub"]
[Black "Yaw1"]
[WhiteElo "1809"]
[BlackElo "1799"]
[Result "0-1"]
[Round "1"]
1.d4 e6
2.c4 c5
3.e3 Nb8c6
4.d5 exd5
5.cxd5 Nc6e5
6.Nb1c3 Ng8f6
7.Bf1c4 Ne5xc4
8.b3 Nc4b6
9.d6 g6
10.e4 Bf8g7
{ time. }
0-1

[Event "Fast Game"]
[Site "www.echecsemail.com"]
[Date "2017.02.11"]
[Round "1"]
[White "Hennie4820"]
[Black "Pellix84"]
[WhiteElo "1650"]
[BlackElo "1610"]
[Result "0-1"]
[Round "1"]
1.e4 c5
2.Ng1f3 d6
3.d4 cxd4
4.Nf3xd4 Ng8f6
5.Nb1c3 e5
6.Nd4b5 a6
7.Nb5a3 Bc8e6
8.Bc1g5 Bf8e7
9.Bg5xf6 Be7xf6
10.Nc3d5 Qd8a5
11.c3 Be6xd5
12.Qd1xd5 Qa5c7
13.O-O-O Bf6e7
14.Na3c4 O-O
15.Nc4xd6 Nb8c6
16.Nd6f5 Ra8d8
17.Nf5xe7 Qc7xe7
18.Qd5b3 Rd8xd1
19.Qb3xd1 Rf8d8
20.Qd1c2 Qe7g5
21.Kb1 Rd8d2
22.Qc2c1 b5
23.Bf1e2 Qg5xg2
24.Rh1g1 Qg2xe4
25.Ka1 Qe4xe2
26.a3 Qe2xf2
{ resign }
0-1

[Event "Tourn. n9112"]
[Site "www.chess-mail.com"]
[Date "2017.02.12"]
[Round "1"]
[White "Passaroa25"]
[Black "Mrmoto"]
[WhiteElo "1560"]
[BlackElo "1660"]
[Result "0-1"]
[Round "1"]
1.e4 e6
2.f3 d5
3.c3 c5
4.d3 Nb8c6
5.Ng1e2 Qd8b6
6.Nb1d2 Ng8e7
7.Nd2b3 Nc6a5
8.Ne2g3 h6
9.Bc1d2 d4
10.c4 Na5c6
11.Bf1e2 e5
12.O-O Bc8e6
13.Qd1e1 Qb6c7
14.Nb3xc5 Be6c8
15.a3 b6
16.Nc5b3 Bc8b7
17.Ra1b1 O-O-O
18.Qe1f2 f5
19.Ng3xf5 Ne7xf5
20.exf5 Nc6a5
21.Nb3a1 Kb8
22.Be2d1 Bf8d6
23.g4 h5
24.g5 Qc7d7
25.g6 Qd7xf5
26.Qf2g2 Qf5xd3
27.b4 Na5xc4
28.Bd2c1 Qd3xb1
29.Bd1b3 Bb7a6
30.Qg2a2 Qb1xg6
31.Qa2g2 Qg6xg2
32.Kxg2 Nc4e3
33.Bc1xe3 Ba6xf1
34.Kxf1 dxe3
35.Na1c2 g5
36.Nc2xe3 e4
37.Ne3f5 Bd6xh2
38.fxe4 Rh8f8
39.Kg2 Rd8d2
40.Kh3 Rd2d3
41.Kxh2 Rd3xb3
42.Nf5g3 h4
43.Ng3f5 Rb3xa3
44.b5 Ra3a2
45.Kh3 Ra2e2
46.Kg4 Re2xe4
47.Kxg5 h3
48.Nf5g3 Re4e1
{ resign }
0-1

[Event "Tourn. n9191"]
[Site "www.chess-mail.com"]
[Date "2017.02.12"]
[Round "1"]
[White "Genius9"]
[Black "Azulmarino"]
[WhiteElo "1620"]
[BlackElo "1460"]
[Result "0-1"]
[Round "1"]
1.d4 d5
2.Bc1f4 e6
3.e3 Bf8d6
4.Ng1f3 Ng8f6
5.Bf4g3 Nb8c6
6.Nb1c3 Bc8d7
7.Bg3xd6 cxd6
8.Bf1d3 h6
9.h3 { time. }
0-1

[Event "Tourn. n9191"]
[Site "www.chess-mail.com"]
[Date "2017.02.12"]
[Round "1"]
[White "Lucaschess"]
[Black "Balbyns"]
[WhiteElo "1499"]
[BlackElo "1519"]
[Result "1-0"]
[Round "1"]
1.e4 e5
2.Ng1f3 Nb8c6
3.Bf1c4 d6
4.c3 Nc6a5
5.Qd1a4 Na5c6
6.d4 Bc8d7
7.Qa4b3 Bd7e6
8.Bc4xe6 fxe6
9.Qb3xe6 Qd8e7
10.Nf3g5 Nc6d8
11.Qe6xe7 Bf8xe7
12.dxe5 dxe5
13.O-O Be7xg5
14.Bc1xg5 h6
15.Bg5h4 Ng8f6
16.Nb1d2 Nd8c6
17.Ra1d1 O-O-O
18.Nd2c4 Rd8xd1
19.Rf1xd1 Nf6xe4
20.Rd1e1 g5
21.Re1xe4 Rh8d8
22.f3 gxh4
23.Re4xh4 b5
24.Rh4xh6 Rd8d1
25.Kf2 bxc4
26.Rh6xc6 Rd1d2
27.Kg3 Rd2xb2
28.a4 Rb2b3
29.Rc6xc4 Kd7
30.h4 Rb3b6
31.h5 Rb6b8
32.h6 Rb8h8
33.Rc4h4 Ke6
34.Kf2 Kf6
35.Ke3 Kg5
36.g3 Rh8xh6
37.Rh4xh6 Kxh6
38.Ke4 Kg6
39.Kxe5 Kf7
40.c4 Ke7
41.g4 { resign }
1-0